000 00496nam a2200205 a 4500
001 BRCA_6941
005 20190320205642.0
008 171111s1922----gw-#######---#000-0#ger-#
041 _ager
044 _agw
050 4 _aPT2603
_b.L6 B78 1922
110 2 _aBloem, Walter
_917295
245 1 0 _aBruderlichkeit, Roman
260 _aLeipzig, Alemania
_bGrethlein
_cc1922
300 _a379 p.
_c20 cm.
500 _aO168
650 1 4 _aLiteratura Alemana
_96160
902 _aGFM
942 _2lcc
_cB
999 _c6623
_d6623